| 000 | 01347nam a2200361 i 4500 | ||
|---|---|---|---|
| 001 | 13222 | ||
| 003 | KOSZ 005 | ||
| 005 | 20191125080829.0 | ||
| 008 | 990506s1970 pl a f e 000 0 pol | ||
| 015 | _aPB 1971/7981 | ||
| 040 |
_aWA N _cWA N _dKOSZ 005/RW |
||
| 046 | _k1970 | ||
| 080 | _a621.039(03)=84 | ||
| 245 | 0 | 0 |
_aEncyklopedia techniki : _benergia jądrowa / _c[autorzy Stanisław Andrzejewski et al.] ; redaktor główny Jan Zienkowicz. |
| 260 |
_aWarszawa : _bWydawnictwa Naukowo-Techniczne, _c1970. |
||
| 300 |
_aX, [2], 607, [13] stron : _bilustracje ; _c25 cm. |
||
| 336 |
_aTekst _btxt _2rdacontent |
||
| 337 |
_aBez urządzenia pośredniczącego _bn _2rdamedia |
||
| 338 |
_aWolumin _bnc _2rdacarrier |
||
| 380 | _aKsiążki. | ||
| 388 | _a1901-2000 | ||
| 504 | _aBibliografia na stronach [569]-574. | ||
| 650 | 4 | _aTechnika jądrowa | |
| 655 | 4 | _aEncyklopedia | |
| 658 | _aInżynieria i technika | ||
| 658 | _aFizyka i astronomia | ||
| 700 | 1 |
_aAndrzejewski, Stanisław _d(1908-1979) _eAutor |
|
| 700 | 1 |
_aZienkowicz, Jan _eRedakcja |
|
| 700 | 1 |
_aChmielewski, Heliodor _d(1911-1981) _eRedakcja |
|
| 710 | 2 |
_aWydawnictwa Naukowo-Techniczne _4pbl. |
|
| 856 |
_uhttp://koha.tu.koszalin.pl/cgi-bin/koha/opac-detail.pl?biblionumber=13222 _yKatalog online BPK |
||
| 942 |
_2UKD _cKS |
||
| 999 |
_c13222 _d13222 |
||